000
00279nam a22001337a 4500
008
171005b xxu||||| |||| 00| 0 eng d
020
_a
9780465082766
041
_a
eng
080
_a
519.9
100
_a
49
101
_a
PSI
245
_a
HYSTERIA
_c
BREUER,J
942
_2
udc
_c
BK
999
_c
31977
_d
31977